Таємниці космосу (Запис № 17271)

000 -Маркер запису
Контрольне поле сталої довжини 01265nam a22002537a 4500
003 - Належність контрольного номера
Контрольне поле Uzh_bibl
008 - Кодовані дані
Контрольне поле сталої довжини 260407b |||||||| |||| 00| 0 ukr d
020 ## - Індекс ISBN
ISBN 979-966-8826-11-4
Ціна 103.00
040 ## - Джерело каталогіз.
Код мови каталог. укр.
041 ## - Код мови видання
Код мови оригіналу українська
Код мови тексту українська
080 ## - Індекс УДК
Індекс УДК 523
090 ## - Шифри
Поличний індекс 523
Авторський знак Т 14
100 ## - Автор
Автор
245 ## - Назва
Назва Таємниці космосу
Відповідальність уклад.Н.К.Бершова
Фізичний носій Текст
260 ## - Вихідні дані
Місце видання Харків
Видавництво Промінь
Дата видання 2008
300 ## - Фізичний опис
Обсяг 80 с.
Ілл./тип відтвор. іл.
Тип одиниці В опр.
520 ## - Анотація
Анотація Книга розповість про чудову подорож у світ казок і таємниць космосу. Спостерігаючи небо, наші пращури дізнавалися, коли орати землю й сіяти хліб, коли ловити рибу. Вони витворили календар, орієнтувалися в просторах степів та морів.
521 ## - Примітка про цільове призначення
Примітка про цільове призначення Книга розрахована на дітей молодшого шкільного віку.
546 ## - Примітка про мову
Примітка про мову укр.
650 ## - Тематичні рубрики
Основна рубрика Популярна лоітература
653 ## - Ключові слова
Ключові слова Космос
-- Навколишній світ
-- Небо,земля
655 ## - Термін індексування — жанр/форма
Жанр/форма Дитяча література
942 ## - ADDED ENTRY ELEMENTS (KOHA)
Джерело класифікації чи схема поличного розташування
Koha item type Книги
Фонди
Статус вилучення Статус втрати/відсутності Джерело класифікації чи схема поличного розташування Статус пошкодження Тип обігу (не для випозичання) Постійне розташування Поточне розташування Розташування у відділі Дата надходження Джерело надходження (постачальник) Інвентарний номер Повний (примірниковий) шифр зберігання Штрих-код Date last seen Дата, для якої чинна ціна заміни Тип одиниці (рівень примірника)
          Бібліотека-філія № 1 для дітей Бібліотека-філія № 1 для дітей Читальна зала молодший відділ 18/03/2026 Подаровані 80832 523 19296 07/04/2026 26/03/2026 Книги

Працює на АБІС Коха